000 00240nam a22001097a 4500
999 _c480096
_d480096
003 NUST
008 160603t xxu||||| |||| 00| 0 eng d
038 _aMian Adnan
082 _a616.07
245 _aImmunology at a glance
942 _2ddc
_cBK